<?xml version="1.0" encoding="UTF-8"?><collection xmlns="info:lc/xmlns/marcxchange-v2"><record format="Unimarc" type="bibliographic"><leader>00862cam 022002411 04500</leader><controlfield tag="001">2020531</controlfield><controlfield tag="003">http://id.bnportugal.gov.pt/bib/porbase/2020531</controlfield><controlfield tag="005">20030616125800.0</controlfield><datafield ind1=" " ind2=" " tag="010"><subfield code="a">0-387-90694-0</subfield></datafield><datafield ind1=" " ind2=" " tag="035"><subfield code="1">57919</subfield></datafield><datafield ind1=" " ind2=" " tag="095"><subfield code="a">PTBN00164551</subfield></datafield><datafield ind1=" " ind2=" " tag="100"><subfield code="a">19880614d1982    k  y0pora0103    ba</subfield></datafield><datafield ind1="0" ind2=" " tag="101"><subfield code="a">eng</subfield></datafield><datafield ind1=" " ind2=" " tag="102"><subfield code="a">US</subfield></datafield><datafield ind1="1" ind2=" " tag="200"><subfield code="a">&lt;The &gt;foundations of geometry and the no-Euclidean plane</subfield><subfield code="f">George E. Martin</subfield></datafield><datafield ind1=" " ind2=" " tag="210"><subfield code="a">New York</subfield><subfield code="c">Springer-Verlag</subfield><subfield code="d">[1982]</subfield></datafield><datafield ind1=" " ind2=" " tag="215"><subfield code="a">XVI, 509 p.</subfield><subfield code="c">il.</subfield><subfield code="d">25 cm</subfield></datafield><datafield ind1="2" ind2=" " tag="225"><subfield code="a">Undergraduate texts in mathematics</subfield></datafield><datafield ind1=" " ind2=" " tag="675"><subfield code="a">514.01</subfield><subfield code="v">int</subfield><subfield code="z">eng</subfield><subfield code="3">360501</subfield></datafield><datafield ind1=" " ind2="1" tag="700"><subfield code="a">Martin</subfield><subfield code="b">George E.</subfield><subfield code="3">159534</subfield></datafield><datafield ind1=" " ind2="0" tag="801"><subfield code="a">PT</subfield><subfield code="b">BN</subfield><subfield code="g">RPC</subfield></datafield><datafield ind1=" " ind2=" " tag="977"><subfield code="1">SD 516 M333f</subfield><subfield code="2">coop</subfield><subfield code="4">UACSD</subfield><subfield code="6">mq256773</subfield><subfield code="7">bc</subfield><subfield code="8">coop</subfield><subfield code="9">UACSD</subfield><subfield code="b">58695</subfield><subfield code="k">0</subfield></datafield><datafield ind1=" " ind2=" " tag="977"><subfield code="1">MT-51-30</subfield><subfield code="2">coop</subfield><subfield code="4">UAVSD</subfield><subfield code="6">mq256774</subfield><subfield code="7">bc</subfield><subfield code="8">coop</subfield><subfield code="9">UAVSD</subfield><subfield code="b">34602</subfield><subfield code="k">0</subfield></datafield><datafield ind1=" " ind2=" " tag="977"><subfield code="1">51-03/MAR.Fou</subfield><subfield code="2">coop</subfield><subfield code="3">0</subfield><subfield code="4">UCMA</subfield><subfield code="6">157919</subfield><subfield code="7">bc</subfield><subfield code="8">COOP</subfield><subfield code="9">UCMA</subfield><subfield code="k">0</subfield></datafield><datafield ind1=" " ind2=" " tag="977"><subfield code="1">BGUM 514.01</subfield><subfield code="2">coop</subfield><subfield code="4">UMSD</subfield><subfield code="6">mq256772</subfield><subfield code="7">bc</subfield><subfield code="8">coop</subfield><subfield code="9">UMSD</subfield><subfield code="b">28006/CEN</subfield><subfield code="k">0</subfield></datafield></record></collection>